Statistics for 5 Groups of 5- Geography #1

Click here to take the quiz!

General Stats

  • This quiz has been taken 628 times
  • The average score is 22 of 25

Answer Stats

HintAnswer% Correct
US Pacific StatesCalifornia
99%
African Countries on the MediterraneanEgypt
98%
African Countries on the MediterraneanMorocco
98%
African Countries on the MediterraneanAlgeria
97%
African Countries on the MediterraneanLibya
97%
African Countries on the MediterraneanTunisia
97%
US Pacific StatesWashington
96%
US Pacific StatesOregon
93%
US Pacific StatesAlaska
92%
US Pacific StatesHawaii
92%
Central Asian RepublicsKazakhstan
88%
Central Asian RepublicsTurkmenistan
88%
Central Asian RepublicsUzbekistan
88%
Central Asian RepublicsKyrgyzstan
87%
Central Asian RepublicsTajikistan
87%
Countries of the Southern ConeArgentina
85%
Countries of the Southern ConeChile
85%
Countries where Swahili is an Official LanguageKenya
84%
Countries of the Southern ConeUruguay
83%
Countries of the Southern ConeBrazil
82%
Countries of the Southern ConeParaguay
82%
Countries where Swahili is an Official LanguageTanzania
82%
Countries where Swahili is an Official LanguageUganda
82%
Countries where Swahili is an Official LanguageRwanda
80%
Countries where Swahili is an Official LanguageDR Congo
76%

Score Distribution

Percentile by Number Answered

Percent of People with Each Score

Your Score History

You have not taken this quiz